|
|
|
|
| LEADER |
00000cam a2200000 7i4500 |
| 001 |
0000003578 |
| 005 |
20080106093000.0 |
| 008 |
021118s1981 |
| 090 |
0 |
0 |
|a QR92.P75
|b W56
|
| 100 |
1 |
|
|a Winarno, F. G. ,
|e author
|
| 245 |
1 |
0 |
|a Biofermentasi dan biosintesa protein
|c oleh F. G. Winarno, Srikandi Fardiaz
|
| 260 |
2 |
|
|a Bandung :
|b Angkasa ,
|c 1981
|
| 300 |
|
|
|a 98 p. ;
|c 21 cm.
|
| 504 |
|
|
|a Mengandungi bibliografi (ms. 87-88 )dan indeks
|
| 650 |
|
0 |
|a Fermentation
|
| 650 |
|
0 |
|a Microbiological synthesis
|
| 650 |
|
0 |
|a Protein biosynthesis
|
| 700 |
1 |
|
|a Fardiaz, Srikandi ,
|e author
|
| 999 |
|
|
|a 1000032758
|b Book
|c OPEN SHELF (30 DAYS)
|e Medical Campus
|
| 999 |
|
|
|a 1000032759
|b Book
|c OPEN SHELF (30 DAYS)
|e Medical Campus
|